La república liberal decimonónica en Cundinamarca, 1849-1886 : (Registro nro. 6293)
[ vista simple ]
| 000 -LEADER | |
|---|---|
| fixed length control field | 01156nam a2200253Ia 4500 |
| 003 - CONTROL NUMBER IDENTIFIER | |
| control field | OSt |
| 005 - DATE AND TIME OF LATEST TRANSACTION | |
| control field | 20201022182026.0 |
| 008 - FIXED-LENGTH DATA ELEMENTS--GENERAL INFORMATION | |
| fixed length control field | 191128s2009 ck ab gr 000 0 spa d |
| 020 ## - INTERNATIONAL STANDARD BOOK NUMBER | |
| International Standard Book Number | 9789586523639 |
| 040 ## - CATALOGING SOURCE | |
| Original cataloging agency | CO-JMCR |
| Transcribing agency | CO-JMCR |
| 041 0# - LANGUAGE CODE | |
| Language code of text/sound track or separate title | spa |
| 082 04 - DEWEY DECIMAL CLASSIFICATION NUMBER | |
| Classification number | 986.146 / |
| Item number | R918r |
| Edition number | 23 |
| 100 1# - MAIN ENTRY--PERSONAL NAME | |
| Personal name | Rueda Enciso, José Eduardo, |
| Relator term | autor |
| 9 (RLIN) | 10905 |
| 245 13 - TITLE STATEMENT | |
| Title | La república liberal decimonónica en Cundinamarca, 1849-1886 : |
| Remainder of title | aspectos políticos y administrativos / |
| Statement of responsibility, etc. | José Eduardo Rueda Enciso y Elías Gómez Contreras |
| 260 ## - PUBLICATION, DISTRIBUTION, ETC. | |
| Place of publication, distribution, etc. | Bogotá : |
| Name of publisher, distributor, etc. | ESAP, |
| Date of publication, distribution, etc. | [2009?] |
| 300 ## - PHYSICAL DESCRIPTION | |
| Extent | 535 páginas : |
| Other physical details | mapas a blanco y negro ; |
| Dimensions | 24 cm. |
| 500 ## - GENERAL NOTE | |
| General note | Incluye notas a pie de página. |
| 504 ## - BIBLIOGRAPHY, ETC. NOTE | |
| Bibliography, etc. note | Bibliografía: páginas 520-535 |
| 505 0# - FORMATTED CONTENTS NOTE | |
| Formatted contents note | El contexto nacional -- División político-administrativa -- Funcionamiento estatal -- El programa radical caminos y escuelas -- La política en Cundinamarca entre 1849-1886 |
| 651 #4 - SUBJECT ADDED ENTRY--GEOGRAPHIC NAME | |
| Geographic name | Cundinamarca (Colombia) |
| General subdivision | historia |
| Chronological subdivision | República Liberal,1849-1886 |
| 9 (RLIN) | 11867 |
| 651 #4 - SUBJECT ADDED ENTRY--GEOGRAPHIC NAME | |
| Geographic name | Cundinamarca (Colombia) |
| General subdivision | política y gobierno |
| Chronological subdivision | 1849-1886 |
| 9 (RLIN) | 11868 |
| 700 1# - ADDED ENTRY--PERSONAL NAME | |
| Personal name | Gómez Contreras, Elías, |
| Relator term | autor |
| 9 (RLIN) | 10907 |
| 942 ## - ADDED ENTRY ELEMENTS (KOHA) | |
| Source of classification or shelving scheme | Dewey Decimal Classification |
| Koha item type | Books |
| Withdrawn status | Lost status | Source of classification or shelving scheme | Damaged status | Not for loan | Collection code | Home library | Current library | Date acquired | Source of acquisition | Full call number | Barcode | Date last seen | Copy number | Koha item type |
|---|---|---|---|---|---|---|---|---|---|---|---|---|---|---|
| Dewey Decimal Classification | Non-fiction | Biblioteca Pública José María del Castillo y Rada | Biblioteca Pública José María del Castillo y Rada | 04/15/2018 | Donación | 986.146 / R918r | 430012330 | 05/16/2024 | Ej.1 | Books |